Guess the country 13 - Statistics

General Stats
  • This quiz has been taken 53 times
  • The average score is 11 of 15
Answer Stats
Picture Answer % Correct
United States of America
100%
Sweden
98%
Japan
96%
France
91%
United States of America
91%
Switzerland
89%
United States of America
80%
Netherlands
76%
United States of America
74%
United Arab Emirates
67%
Italy
61%
United States of America
59%
Eswatini
52%
Ethiopia
46%
Russia
43%
No matching quizzes found
Score Distribution
Percent of People with Each Score
Percentile by Number Answered
Your Score History
You have not taken this quiz